| 000 | 005000000a22001930004500 | ||
|---|---|---|---|
| 001 | 004118 | ||
| 003 | MACL | ||
| 005 | 20150715135934.0 | ||
| 008 | 150715b xxu||||| |||| 00| 0 eng d | ||
| 040 |
_aMACL _cMACL |
||
| 041 | _aEnglish | ||
| 082 | _a324.2/BHA | ||
| 100 |
_aBhambhri, C.P. _91502 |
||
| 245 |
_aBharatiya Janata Party _bPeriphery To centre _cC.P. Bhambhri |
||
| 260 |
_aDelhi _c2001 _bShipra Publications, |
||
| 350 | _a675 | ||
| 650 |
_aPolitical Science _988 |
||
| 942 |
_k324 _cBK _2ddc |
||
| 999 |
_c16009 _d16009 |
||